000 00294nam a22000977a 4500
005 20250901165335.0
008 210312b ||||| |||| 00| 0 eng d
050 _aT174
245 _aTechnological forecasting and long-range planning
_cAYRES, ROBERT U.
942 _2lcc
_hT174 .A97 1969
999 _c2408
_d2408